| 000 | 00940nam a2200277 a 4500 | ||
|---|---|---|---|
| 001 | 000001576 | ||
| 003 | DO-SdBNP | ||
| 005 | 20210720104050.0 | ||
| 008 | 090623t2008 dr ac 000 0cspa d | ||
| 020 | _a9789993439516 | ||
| 020 | _a9993439517 | ||
| 040 |
_aBPMSU _bspa _cBPMSU |
||
| 082 |
_a929.2 _bD313f 2008 _222 |
||
| 100 | 1 |
_aDefilló Martínez, Bernardo Augusto, _d1940- |
|
| 245 | 1 | 0 |
_aFamilia Defilló Martínez : _bapuntes genealógicos / _cBernardo Defilló. |
| 260 |
_aSanto Domingo : _bEdiciones Librería La Trinitaria, _c2008. |
||
| 300 |
_a91 p. : _bil., facsíms., retrs. ; _c22 cm. |
||
| 500 | _aIncluye datos biográficos del autor en las solapas. | ||
| 504 | _aBibliografía : p. 83-86. | ||
| 590 | _aInventariado, 2021/VM | ||
| 600 | 1 | 4 |
_aDefilló Martínez (familia) _vGenealogía |
| 650 | 4 | _aParentesco | |
| 651 | 4 |
_aRepública Dominicana _vGenialogía |
|
| 910 | _aMCabrera /VMateo V | ||
| 942 |
_2ddc _cBK |
||
| 999 |
_c13389 _d13389 |
||